000 00826nam a2200241 a 4500
003 0
005 20250203081856.0
008 130901s19uu xx 00 eng d
050 _aPGS TP 976
_b.Sh556 2013
100 _aShindo, Ken Daniel B.
245 _aAlternative toothpaste for teeth whitening /
_cKen Daniel B. Shindo.
260 _aLas Piñas City, Philippines :
_bSouthville International School and Colleges,
_c2013.
300 _a23 p. :
_bill. ;
_c28 cm.
504 _aIncludes bibliographical references.
650 _aToothpastes
_vComposition.
650 _aTeeth—Whitening.
650 _aHomemade toothpaste.
650 _aDentifrices.
_vComparative studies
650 _aOral hygiene products.
650 _aNatural products in dentistry.
650 _aAlternative dental care.
942 _2lcc
_cPASS
999 _c99073
_d99073